| 000 | 00746nam a22002297a 4500 | ||
|---|---|---|---|
| 003 | OSt | ||
| 005 | 20180116183034.0 | ||
| 008 | 160209b xxu||||| |||| 00| 0 eng d | ||
| 020 | _a9781784152383 | ||
| 022 | _a9781784152383 | ||
| 040 | _c0 | ||
| 050 | _a657 | ||
| 082 | _a657 ACC 9956 | ||
| 100 | _aKaplan Publishing | ||
| 110 | _aKaplan Publishing. | ||
| 245 |
_aACCA Exam Kit Paper P7 INT/UK Advanced Audit and Assurance (AAA). _b.Exam Kit - valid for September 2015, December 2015, March 2016 and Jun 2016 _cKaplan Publishing. |
||
| 260 |
_aUK _bKaplan Publishing. _c2015. |
||
| 300 |
_a444 p. _bPB |
||
| 440 | _aACCA Exam Kit Paper P7 INT/UK Advanced Audit and Assurance (AAA). | ||
| 500 | _aPaper Cover | ||
| 942 |
_2ddc _cBK _k657 |
||
| 999 |
_c351132 _d351132 |
||